| 000 | 00583 a2200181 4500 | ||
|---|---|---|---|
| 010 | _aENG-86058 | ||
| 020 |
_a0070617112 _c299.00 |
||
| 035 | _aEN-69591 | ||
| 037 | _bD.B.Act / Pub | ||
| 082 | 1 | 4 | _a621.3815 |
| 100 | 1 | _aDeshpande, N. P. | |
| 245 | 1 |
_aElectronic devices & circuits : _cby N. P. Despande _bprinciples and applications / |
|
| 260 |
_aNew Delhi _bTata Mc-Graw Hill Publishing _c2007 |
||
| 270 |
_a7, West Patel Nagar _bNew Delhi _e110 008 |
||
| 300 |
_axix, 773 p. _c21 cm. (Pbk.) |
||
| 500 | _aIncludes index | ||
| 942 |
_adpl _cEN _2ddc _h621.3815 _mDES |
||
| 999 |
_c4073 _d4073 |
||